Survey shows home builders delivering customer satisfaction (Record no. 80142)

MARC details
000 -LEADER
fixed length control field 01221cad a22002055a 4500
001 - CONTROL NUMBER
control field L143332
008 - FIXED-LENGTH DATA ELEMENTS--GENERAL INFORMATION
fixed length control field 080428e2008 xxk f 000 0 eng d
035 ## - SYSTEM CONTROL NUMBER
System control number (Sirsi) u143332
041 0# - LANGUAGE CODE
Language code of text/sound track or separate title eng
110 2# - MAIN ENTRY--CORPORATE NAME
Corporate name or jurisdiction name as entry element Home Builders Federation
9 (RLIN) 4896
245 00 - TITLE STATEMENT
Title Survey shows home builders delivering customer satisfaction
Medium [electronic resource]
260 ## - PUBLICATION, DISTRIBUTION, ETC.
Date of publication, distribution, etc. 2008
490 ## - SERIES STATEMENT
Series statement Home Builders Federation Press Release
Volume/sequential designation 23 April 2008
520 ## - SUMMARY, ETC.
Summary, etc. The HBF's third annual customer satisfaction survey reveals that 75% of new home buyers would recommend their home builder to a friend and 76% were satisfied with the quality of their new home. In addition, 72% thought their builder was very or fairly good in relation to completing their home on time and 72% were satisfied with the condition of their home on move in day. Home builders' service after buyers had moved saw the weakest results in the survey, along with home buyers reporting more defects than expected.
590 ## - LOCAL NOTE (RLIN)
Local note KA NTK
651 #4 - SUBJECT ADDED ENTRY--GEOGRAPHIC NAME
Geographic name United Kingdom
Chronological subdivision
690 ## - LOCAL SUBJECT ADDED ENTRY--TOPICAL TERM (OCLC, RLIN)
Topical term or geographic name as entry element BUILT ENVIRONMENT
856 40 - ELECTRONIC LOCATION AND ACCESS
Uniform Resource Identifier <a href="https://www.hbf.co.uk/Survey-Shows-Home-Builders-Delivering-Customer-Satisfaction-5a9f69a">https://www.hbf.co.uk/Survey-Shows-Home-Builders-Delivering-Customer-Satisfaction-5a9f69a</a>
Public note View the item free of charge at www.hbf.co.uk...
942 ## - ADDED ENTRY ELEMENTS (KOHA)
Suppress in OPAC 0
Holdings
Withdrawn status Lost status Source of classification or shelving scheme Damaged status Not for loan Home library Current library Shelving location Date acquired Total Checkouts Full call number Barcode Date last seen Copy number Price effective from Koha item type
    Dewey Decimal Classification     Virtual Virtual Online 28/04/2008   ONLINE PUBLICATION 143332-2001 06/08/2019 1 06/08/2019 Journal article